effect of potassium chloride (KC1) rates on yield and sugar content of melon (CUCUMIS MELOM L.)ឥទ្ធពលនៃបរិមាណជីប៉ូតាស្យូមក្លរ(Kc1)នៅលើទិន្នផលនិងកម្រិតជាវជាតិស្ករបស់ដាំណាំត្រសកផ្អែម (Record no. 18053)

000 -LEADER
fixed length control field 00714nam a22001337a 4500
040 ## - CATALOGING SOURCE
Transcribing agency RUA
082 ## - DEWEY DECIMAL CLASSIFICATION NUMBER
Classification number AGR HEA 2017 B636 Or.1
100 ## - MAIN ENTRY--AUTHOR NAME
Personal name HEANG SEYHA ហៀក សីហា
245 ## - TITLE STATEMENT
Title effect of potassium chloride (KC1) rates on yield and sugar content of melon (CUCUMIS MELOM L.)ឥទ្ធពលនៃបរិមាណជីប៉ូតាស្យូមក្លរ(Kc1)នៅលើទិន្នផលនិងកម្រិតជាវជាតិស្ករបស់ដាំណាំត្រសកផ្អែម
260 ## - PUBLICATION, DISTRIBUTION, ETC. (IMPRINT)
Place of publication RUA
Name of publisher Phnom penh
Year of publication 2017
300 ## - PHYSICAL DESCRIPTION
Number of Pages ix;31p
Other physical details ill;
Dimensions 29cm
856 ## - ELECTRONIC LOCATION AND ACCESS
Uniform Resource Identifier https://drive.google.com/file/d/1tJ0aM-NmgVGkSjRGDc79GH9wVLSfoc8g/view?usp=sharing
942 ## - ADDED ENTRY ELEMENTS (KOHA)
Koha item type AGR
952 ## - LOCATION AND ITEM INFORMATION (KOHA)
Withdrawn status [LOCAL, KOHA] 0
952 ## - LOCATION AND ITEM INFORMATION (KOHA)
Withdrawn status [LOCAL, KOHA] 0
952 ## - LOCATION AND ITEM INFORMATION (KOHA)
Withdrawn status [LOCAL, KOHA] 0
952 ## - LOCATION AND ITEM INFORMATION (KOHA)
Withdrawn status [LOCAL, KOHA] 0
952 ## - LOCATION AND ITEM INFORMATION (KOHA)
Withdrawn status [LOCAL, KOHA] 0
952 ## - LOCATION AND ITEM INFORMATION (KOHA)
Withdrawn status [LOCAL, KOHA] 0
Holdings
Permanent Location Date acquired Koha item type Lost status Shelving location Barcode Current Location Full call number
Library Block B2019-07-24AGR B636A45037Library Block BAGR HEA 2017 B636 Or.1
Library Block B2019-07-24AGR B636A45086Library Block BAGR HEA 2017 B636 Or.2
Library Block B2019-07-24AGR B636A44568Library Block BAGR HEA 2017 B636 Or.3
Library Block B2019-07-24AGR B636A44806Library Block BAGR HEA 2017 B636 Or.4
Library Block B2019-07-24AGR B636A44947Library Block BAGR HEA 2017 B636 Or.5
Library Block B2019-07-24AGR B636A45022Library Block BAGR HEA 2017 B636 Or.6
មជ្ឈមណ្ឌលឯការនៃសាកលវិទ្យាល័យភូមិន្ទកសិកម្មចំការដូង

Powered by Koha